|
|
|
|
| LEADER |
00000nam0a2200000 4500 |
| 001 |
131688 |
| 005 |
20231031134539.0 |
| 035 |
|
|
|a (RuTPU)RU\TPU\book\142618
|
| 035 |
|
|
|a RU\TPU\book\142616
|
| 090 |
|
|
|a 131688
|
| 100 |
|
|
|a 20080220d1980 k y0rusy50 ca
|
| 101 |
0 |
|
|a rus
|
| 102 |
|
|
|a RU
|
| 105 |
|
|
|a a b 000zy
|
| 200 |
1 |
|
|a Образцовые средства измерений и поверочные установки
|e каталог-80
|f Всесоюзное объединение "Эталон" ; сост. В. П. Маковецкая, Н. В. Молчанова, Р. Л. Магид
|
| 210 |
|
|
|a Москва
|c Издательство стандартов
|d 1980
|
| 215 |
|
|
|a 174 с.
|c ил.
|
| 333 |
|
|
|a Исключено из фонда НТБ ТПУ
|
| 702 |
|
1 |
|a Маковецкая
|b В. П.
|g Валентина Петровна
|4 220
|
| 702 |
|
1 |
|a Молчанова
|b Н. В.
|g Наталья Васильевна
|4 220
|
| 702 |
|
1 |
|a Магид
|b Р. Л.
|g Роза Львовна
|4 220
|
| 712 |
0 |
2 |
|a Всесоюзное объединение "Эталон"
|
| 801 |
|
1 |
|a RU
|b 63413507
|c 20080220
|g PSBO
|
| 801 |
|
2 |
|a RU
|b 63413507
|c 20220620
|g PSBO
|
| 942 |
|
|
|c BK
|